000
00325nam a2200145Ia 4500
008
150201s1991 xx 000 0 und d
082
_a
617.6
_b
E91G
100
_a
GROOMAN,GK
245
_a
ENDODONTIC PRACTICE
250
_a
10TH
260
_b
VAGHESE
_a
BOMBY
_c
1991
300
_a
1-371
650
_a
DENTISTRY
942
_2
ddc
_c
BK
999
_c
400
_d
400